Drapeau - Difficulté: Extrême 3 - Statistiques

Statistiques générales
  • Ce quiz a été pris 95 fois
  • Le résultat moyen est 7 sur 16
Statistiques - réponses
Par images Réponse % Correct
Québec
84%
Gibraltar
81%
Île de Man
72%
Macao
72%
Occitanie
62%
Guadeloupe
59%
Tibet
55%
Puerto Rico
54%
Anguilla
35%
Wallonie
32%
Haut-Karabagh
31%
Maryland
14%
Syldavie (état fictif dans Tintin)
8%
République de Formose
4%
Compagnie Néerlandaise des Indes Orientales
3%
Conseil Nordique
3%
Aucun quiz correspondant
Distribution des résultats
% des personnes avec chaque résultat
Percentile par nombre de réponses
Votre historique - résultats
Vous n’avez pas pris ce quiz